Powiaty województwa podlaskiego – Quiz na mapie - Statystyki

Ogólne statystyki
  • Ten quiz został rozwiązany 2 175 razy
  • Średni wynik to 12 z 17
Odpowiedzi na mapie
Odpowiedzi zakodowano w zielono-czerwonej skali na mapie do tego quizu, zgodnie z poniższymi procentami.
 
Statystyki odpowiedzi
Odpowiedź % Poprawnych
białostocki
94%
Białystok
92%
Łomża
88%
łomżyński
88%
suwalski
87%
Suwałki
86%
augustowski
74%
hajnowski
65%
sejneński
60%
bielski
58%
wysokomazowiecki
58%
sokólski
55%
grajewski
54%
moniecki
53%
zambrowski
52%
siemiatycki
51%
kolneński
46%
Nie znaleziono quizów pasujących do podanych kryteriów
Rozkład punktacji
Procent ludzi z każdym wynikiem
Percentyl według liczby udzielonych odpowiedzi
Twoja historia wyników
Nie rozwiązałeś tego quizu